000 00247nam a22001217a 4500
003 SGT
082 _a823
_bGOL
100 _aGOLDING WILLAM
245 _aLORD OF THE FILES
260 _aLONDON
_bF&F PUB
_c2012
300 _a353
942 _2ddc
_cBK
999 _c33520
_d33520